| 000 | 02030nam0a2200349 4500 | ||
|---|---|---|---|
| 001 | RU\NLR\bibl\1467659 | ||
| 005 | 20260408181945.0 | ||
| 021 |
_aRU _b2009-98414 _96256 |
||
| 035 | _a(NLR Aleph) 001459377 | ||
| 035 | _a(nilc)RSL-KNO-004424182 | ||
| 090 |
_a1573511 _c1573511 |
||
| 100 | _a20091210d2009 u y0rusy50 ca | ||
| 101 | 0 | _arus | |
| 102 | _aRU | ||
| 105 | _aa ||||||||| | ||
| 200 | 1 |
_aИзучение и исследование схем блочной маршрутно-релейной централизации _eучебно-методическое пособие для студентов специальности 190402 - "Автоматика, телемеханика и связь на железнодорожном транспорте" _fШ.К. Валиев, Р.Ш. Валиев _gФедер. агентство ж.-д. трансп., Ур. гос. ун-т путей сообщ., Каф. "Автоматика и телемеханика на ж.-д. трансп." |
|
| 210 |
_aЕкатеринбург _cИзд-во УрГУПС _d2009 |
||
| 215 |
_a139 с. _cил. _d29 |
||
| 320 | _aБиблиогр.: с. 121 (7 назв.) | ||
| 606 |
_aРелейная централизация (ж.д.) _xСхемы _jУчебно-методические пособия для высших учебных заведений _3RU\NLR\auth\66951931 _91499667 |
||
| 686 |
_aО275.312.7я73-14 _2rubbk |
||
| 686 | _aО275.312.7я73-1 | ||
| 700 | 1 |
_4070 _7ca _8rus _aВалиев _bШ. К. _cканд. техн. наук, ж.-д. автоматика _gШамиль Касымович _9180851 _3RU\NLR\AUTH\770180902 |
|
| 701 | 1 |
_4070 _7ca _8rus _aВалиев _bР. Ш. _cканд. техн. наук, ж.-д. автоматика _gРафаил Шамилевич _9180864 _3RU\NLR\AUTH\770180915 |
|
| 801 | 0 |
_aRU _bRuMoRGB _c20091210 _grcr |
|
| 801 | 1 |
_aRU _bRuMoRGB _c20091210 |
|
| 801 | 2 |
_aRU _bNLR _c20100202 _grcr |
|
| 830 | _aавт. по кн. | ||
| 942 | _cBOOK | ||
| 980 | _aNB | ||